000
00296nam a22001217a 4500
008
170608b xxu||||| |||| 00| 0 eng d
041
_a
eng
080
_2
10
_a
32
100
_a
18
101
_a
shp
245
_a
POWER CHOICE AN INTRODUCTIOM POLITICAL SCIENCE
_c
SHIVELY.W.P
942
_2
udc
_c
BK
999
_c
16350
_d
16350